Trouvez les paroles - A Thousand Miles (Vanessa Carlton) - Statistiques

Statistiques générales
  • Ce quiz a été pris 6 fois
    5 depuis la dernière actualisation
  • Le résultat moyen est 152 sur 239
Statistiques - réponses
Réponse % Correct
I
100%
I,
100%
a
80%
And
80%
by
80%
could
80%
Do
80%
I'll
80%
in
80%
into
80%
Just
80%
just
80%
know
80%
miles
80%
miss
80%
my
80%
need
80%
now
80%
of
80%
see
80%
sky
80%
the
80%
think
80%
thousand
80%
tonight
80%
you
80%
ever
60%
Faces
60%
fall
60%
fast
60%
If
60%
if
60%
me
60%
pass
60%
time
60%
walk
60%
Walkin'
60%
way
60%
will
60%
wonder
60%
'Cause
40%
'cause
40%
downtown
40%
hold
40%
I'm
40%
Makin'
40%
makin'
40%
this
40%
When
40%
Would
40%
would
40%
your
40%
ahead
20%
blankly
20%
crowd
20%
don't
20%
go
20%
homebound
20%
I'd
20%
like
20%
Livin'
20%
memory
20%
Oh
20%
precious
20%
so
20%
Starin'
20%
still
20%
the crowd
20%
these
20%
Through
20%
through
20%
times
20%
always
0%
belong
0%
drown
0%
everything's
0%
It's
0%
let
0%
wanna
0%
wrong
0%
Aucun quiz correspondant
Distribution des résultats
% des personnes avec chaque résultat
Percentile par nombre de réponses
Votre historique - résultats
Vous n’avez pas pris ce quiz depuis la dernière actualisation